000 00305nam a22001217a 4500
005 20251007152509.0
008 251007b |||||||| |||| 00| 0 eng d
040 _cPK-LaNCA
082 _a690.83
_bLIV
245 _aLiving plans: new concepts for advanced housing
650 _aArchitecture
942 _cBK
999 _c66820
_d66820